Después de La sociedad abierta : escritos sociales y políticos /

Karl R. Popper (1902-1994), filósofo austríaco, creador del falsacionismo o principio de falibilidad y defensor de la democracia y la libertad. La presente obra reúne sus escritos y correspondencias, algunos inéditos y otros dispersos, que develan el desarrollo de su pensamiento social y político du...

Descripció completa

Guardat en:
Dades bibliogràfiques
Autor principal: Popper, Karl R. (autor)
Altres autors: Shearmur, Jeremy (edición) (edición), Turner, Piers Norris (edición) (edición)
Format: Llibre
Idioma:espanyol
Publicat: México : Paidós, 2010, c2010
Col·lecció:(Magnum ; 6)
Matèries:
Etiquetes: Afegir etiqueta
Sense etiquetes, Sigues el primer a etiquetar aquest registre!

MARC

LEADER 00000nam^a2200000^a^4500
001 000306033
005 20250521000000.0
009 20260310112807.308
020 |a 978-607-7626-42-8 
037 |a Acervo ITESO - Biblioteca 
041 |a ESP 
082 |a 300. 1  |b POP 
100 |a Popper, Karl R.  |e (autor) 
245 1 0 |a Después de La sociedad abierta :  |b escritos sociales y políticos /  |c K. Popper ; ed. de J. Shearmur, P.N. Turner ; tr. por Ferran Merler-Ortí. 
264 4 |a México :  |b Paidós,  |c 2010, c2010 
300 |a 603 p. 
336 |a texto  |b txt  |2 rdacontenido 
337 |a sin mediación  |b n  |2 rdamedio 
338 |a volumen  |b nc  |2 rdasoporte 
440 |a (Magnum ;  |v 6) 
500 |a Traducción de: After The Open Society. Selected Social and Political Writings 
520 |a Karl R. Popper (1902-1994), filósofo austríaco, creador del falsacionismo o principio de falibilidad y defensor de la democracia y la libertad. La presente obra reúne sus escritos y correspondencias, algunos inéditos y otros dispersos, que develan el desarrollo de su pensamiento social y político durante la Segunda Guerra Mundial y la posguerra. 
649 |a XX 
650 |a Cartas Austríacas 
650 |a Epistemología 
650 |a Sociedad -  |x Filosofía -  |x Tema Principal 
650 |a Etica 
650 |a Filosofía Política -  |x Tema Principal 
650 |a Positivismo Lógico 
650 |a Filosofía Analítica 
650 |a Filosofía del Siglo XX 
650 |a Filosofía Austríaca 
700 |a Shearmur, Jeremy  |e (edición) 
700 |a Turner, Piers Norris  |e (edición) 
910 |a Fondo General 
920 |a Impresos - Libros 
930 |a Colección General 
905 |a 101 
901 |a 0500191933  |b IT1  |c ACC  |i C125892  |u 20250521 
902 |a https://opac.biblio.iteso.mx/vufind/Record/000306033